000 00602nam a2200205Ia 4500
003 GCL
008 140319s9999 xx 000 0 ara d
040 _aGCL /
_cGCL
082 0 4 _aط
_b502
_bم س
100 1 _aمكتبة لبنان
245 1 0 _aالبراكين وظواهر طبيعية اخرى /
_cمكتبة لبنان
260 _a[S.N] :
_bمكتبة لبنان
300 _aمتعددة
490 _aسلسلة التاريخ الطبيعى
_v0
650 0 4 _aالاطفال
650 0 4 _aالحشرات
650 0 4 _aالبراكين
650 0 4 _aالطبيعة
942 _2ddc
_cBK
999 _c33102
_d33102